01533nam a2200289 a 450000100100000000500170001000800410002702000150006804000250008308200200010810000460012824501390017426000360031330000210034959000260037065000280039665000310042470000410045570000580049691000380055495201320059295201320072495201320085695201170098895201230110599900150122800000989520250204073951.0091002t2005 dr r 000 p spa d a9993479373 aDO-SdBNPbspacBNPHU aRD861.44bC957s1 aCruz Miniño, Milagros Altagracia91181810aSusurros de la soledad /cMilagros Altagracia Cruz Miniño ; edición José Miguel Germán ; proemio Mariano Lebrón Saviñón. aSanto Domingo :bBúho,c2005. a116 p. ;c22 cm. aInventariado, 2018/BT 0aPoesía dominicana966 0aLiteratura dominicana.9671 aGermán, José Miguel,eed.9248281 aLebrón Saviñon, Marianod1922-2014epról.97227 aValidado. Control de calidad. EMS 001054708DSaGRbGRcHDd2009-10-02iLF1l0oRD861.44 C957sp9895-30r2020-06-25te. 3w2020-06-25yLFDSZPréstamo en sala 001054708DSaGRbGRcHDd2010-02-05iLF1l0oRD861.44 C957sp9895-40r2020-06-25te. 4w2020-06-25yLFDSZPréstamo en sala 001054708DSaGRbGRcHDd2010-02-05iLF1l0oRD861.44 C957sp9895-50r2020-06-25te. 5w2020-06-25yLFDSZPréstamo en sala 0010718PDaPDbPDcHDd2009-10-02iLF1l0oRD861.44 C957sp9895-10r2020-06-25w2020-06-25yLFPDZNo se presta 0010718PDaPDbPDcHDd2009-10-02iLF1l0oRD861.44 C957sp9895-20r2020-06-25te. 2w2020-06-25yLFPDZNo se presta c9654d9654